01015 2200337 4500001002100000005001500021007000300036008004100039020002200080035002000102040001700122041000800139082001600147084001600163090002000179100003600199245010700235250001000342264002800352300003000380336002100410337003000431338002300461500002900484504002800513650001600541700006200557850001000619990002400629990002400653INLIS00000000000997820260409013948ta260409 0  a978-602-0875-40-8 a0010-0123000305 aSBPUPADbind07aind a297.9 RID h a297.9 RID h a297.9 RID h 2-20 aRidwan Abdullah SaniePengarang1 aHikmah Kisah Nabi Dan Rasul /cRidwan Abdullah Sani.; Pengarang Ke-2: Muhammad Kadri, Editor: Budiyadi aCet.1 aJakarta :bAmzah,c2018 a302 hlm :bilus. ;c23 cm 2rdacontentaTeks 2rdamediaatanpa perantara 2rdacarrieravolume aBiodata Penulis, hlm 301 aDaftar Pustaka, hlm 297 4aHikmah Nabi0 aPengarang ke-2 Muhammad Kadri, Editor BudiyadiePengarang aPUPAD a33.051/DAK/DPK/2019 a33.053/DAK/DPK/2019